000 01023cam a22003138a 4500
001 15989467
005 20170105102840.0
008 091119s2010 enk 001 0 eng
010 _a 2009049052
020 _a9780415777421 (hardback)
020 _a9780415777438 (pbk.)
020 _a9780203850619 (ebook)
040 _aDLC
_cDLC
050 0 0 _aJZ5588
_b.N36 2010
082 0 0 _a355/.033
_222
245 0 0 _aNational security cultures :
_bpatterns of global governance /
_cedited by Emil J Kirchner and James Sperling.
260 _aMilton Park, Abingdon, Oxon, [England] ;
_aNew York :
_bRoutledge,
_c2010.
263 _a1005
300 _ap. cm.
500 _aIncludes index.
650 0 _aSecurity, International.
650 0 _aNational security.
650 0 _aNational security
_xInternational cooperation.
700 1 _aKirchner, Emil Joseph.
700 1 _aSperling, James.
906 _a7
_bcbc
_corignew
_d1
_eecip
_f20
_gy-gencatlg
942 _2ddc
_cBK
999 _c13822
_d13822